LIBRARY & INFORMATION CENTRE, KCAET, TAVANUR

ONLINE PUBLIC ACCESS CATALOGUE (OPAC)

Census of India-1971, Seri 1 India paper 1 of 1975 Scheduled castes and scheduled tribes / (Record no. 9862)

MARC details
000 -LEADER
fixed length control field 00450cam a2200157ua 4500
003 - CONTROL NUMBER IDENTIFIER
control field OSt
008 - FIXED-LENGTH DATA ELEMENTS--GENERAL INFORMATION
fixed length control field 260213b |||||||| |||| 00| 0 eng d
041 ## - LANGUAGE CODE
Language code of text/sound track or separate title eng
082 ## - DEWEY DECIMAL CLASSIFICATION NUMBER
Classification number 028.74
Item number CHA/CE
100 ## - MAIN ENTRY--AUTHOR NAME
Personal name Chari, R B .
245 ## - TITLE STATEMENT
Title Census of India-1971, Seri 1 India paper 1 of 1975 Scheduled castes and scheduled tribes /
260 ## - PUBLICATION, DISTRIBUTION, ETC. (IMPRINT)
Place of publication :
Name of publisher Indian Administrative Service ,
Year of publication 1975.
300 ## - PHYSICAL DESCRIPTION
Number of Pages 170 ; .
942 ## - ADDED ENTRY ELEMENTS (KOHA)
Koha item type Books
Holdings
Withdrawn status Lost status Damaged status Home library Current library Date acquired Full call number Accession Number Koha item type
Withdrawn     KAUAET KAUAET 07/04/2012 028.74 13531 Reference
free website counter